000 nam a22 a 4500
999 _c1542
_d1542
003 AKMAL
005 20170511091654.0
008 170511s2009 my a e | 000 0 may d
020 _a9789679695953 (kkt.)
040 _aAKMAL
_cAKMAL
082 0 4 _a320.9595 AMA
_222
090 0 0 _a320.9595 AMA
_bAMA
100 0 _aMahathir Mohamad,
_cTun,
_d1925-
_941
245 1 0 _aAmanat presiden :
_bdemi agama, bangsa dan negara : 1981-2003 /
_cTun Dr. Mahathir Mohamad ; disusun dan diselenggara oleh Abdul Rahman Abdul Aziz, Mustapa Kassim
260 _aKuala Lumpur :
_bBerita Pub.,
_c2009
300 _alxxxiv, 604ms. :
_bil. ;
_c23cm.
490 1 _aSiri amanat presiden UMNO 1946-2009
610 2 _aUMNO
_96
650 1 0 _aSpeeches, addresses, etc.
_954
650 2 0 _aPolitical parties
_zMalaysia
_93084
650 2 0 _aPrime ministers
_zMalaysia
_97
651 0 _aMalaysia
_xPolitics and government
_944
700 0 _aAbdul Rahman Abdul Aziz
_93090
700 0 _aMustapa Kassim
_93091
830 0 _aSiri amanat presiden UMNO 1946-2009
_93092
942 _2ddc
_cBOOK